[Event "Wiesbaden op 31st"]
[Site "Wiesbaden"]
[Date "2019.08.22"]
[Round "1"]
[White "Haack, Kevin"]
[Black "Treiber, Volker"]
[Result "1-0"]
[WhiteElo "2031"]
[BlackElo "1633"]
[PlyCount "99"]
[EventDate "2019.08.22"]
[EventType "swiss"]
[EventRounds "7"]
[EventCountry "GER"]
[SourceTitle "EXT 2020"]
[Source "ChessBase"]
[SourceDate "2019.10.17"]
[SourceVersion "1"]
[SourceVersionDate "2019.10.17"]
[SourceQuality "1"]

1. c4 b6 2. Nf3 Bb7 3. d4 e6 4. Nc3 h6 5. e3 Nf6 6. Be2 Bb4 7. Bd2 Bxc3 8. Bxc3 d5 9. b3 Nbd7 10. 0-0 0-0 11. Bb2 Rc8 12. c5 Ne4 13. b4 c6 14. Nd2 Nxd2 15. Qxd2 Nf6 16. Qc2 Ne4 17. f3 Ng5 18. Bc3 f5 19. Be1 Qe8 20. Bd3 Qg6 21. a4 bxc5 22. Qxc5 Ra8 23. Bg3 h5 24. a5 h4 25. Bxh4 Nh3+ 26. Kh1 Qh6 27. Be7 Qxe3 28. gxh3 Qxd3 29. Bxf8 Rxf8 30. Qxa7 Ba6 31. Rad1 Qb5 32. Qd7 Qxb4 33. Rg1 Rf7 34. Qe8+ Qf8 35. Qxc6 Be2 36. Rdf1 Bxf1 37. Rxf1 Rf6 38. a6 Qa3 39. Qb5 Rg6 40. Qe2 e5 41. Qxe5 Qxa6 42. Qxd5+ Kh7 43. Rg1 Rxg1+ 44. Kxg1 Qd3 45. h4 Kh6 46. Kf2 Kh5 47. Kg3 Qc2 48. Qe5 Kg6 49. d5 Qd2 50. Qe6+ 1-0